000 00639cac a22001931u 4500
008 081108t2004 n ||||| |||| 001 0 eng d
010 _a2003062230
020 _a0131133268 (alk. paper)
020 _a0131248502
020 _a9780131133266 (alk. paper)
082 0 0 _a004.21
_222
_bOBJ
245 0 0 _aObject-oriented systems analysis and design /
_cJoey F. George ... [et al.].
260 _aUpper Saddle River, NJ :
_bPearson Prentice Hall,
_cc2004.
300 _a xxvi, 500 p. :
_bill. ;
_c29 cm.
650 0 _aSystem design.
_918050
650 0 _aSystem analysis.
_918051
700 1 _aGeorge, Joey F.
_918052
942 _cBB
_k004.21 OBJ
_2ddc
999 _c407
_d407